A little princess : (Record no. 173125)

000 -LEADER
fixed length control field 01451cam a2200349 a 4500
001 - CONTROL NUMBER
control field 15209573
003 - CONTROL NUMBER IDENTIFIER
control field Nust
005 - DATE AND TIME OF LATEST TRANSACTION
control field 20180718095822.0
008 - FIXED-LENGTH DATA ELEMENTS--GENERAL INFORMATION
fixed length control field 080307s2008 ilua j 000 1 eng
010 ## - LIBRARY OF CONGRESS CONTROL NUMBER
LC control number 2008009150
020 ## - INTERNATIONAL STANDARD BOOK NUMBER
International Standard Book Number 9780141321127 (pbk)
Terms of availability Rs. 596
038 ## - RECORD CONTENT LICENSOR
Staff Name Arshad
040 ## - CATALOGING SOURCE
Original cataloging agency DLC
Transcribing agency DLC
Modifying agency DLC
042 ## - AUTHENTICATION CODE
Authentication code lcac
050 00 - LIBRARY OF CONGRESS CALL NUMBER
Classification number PZ7.B934
Item number Lg 2008
082 00 - DEWEY DECIMAL CLASSIFICATION NUMBER
Classification number 823
Author Mark BUR
100 1# - MAIN ENTRY--PERSONAL NAME
Personal name Burnett, Frances Hodgson,
Dates associated with a name 1849-1924.
9 (RLIN) 11810
245 12 - TITLE STATEMENT
Title A little princess :
Remainder of title abridged from the original /
Statement of responsibility, etc. by Frances Hodgson Burnett ; illustrations by Francesca Greco ; CD narrated by Lucy Whybrow.
260 ## - PUBLICATION, DISTRIBUTION, ETC.
Place of publication, distribution, etc. Naperville, Ill. :
Name of publisher, distributor, etc. Sourcebooks Jabberwocky,
Date of publication, distribution, etc. 2008.
300 ## - PHYSICAL DESCRIPTION
Extent 294 p. :
Other physical details ill. ;
Dimensions 21 cm.
490 0# - SERIES STATEMENT
Series statement Hear it, read it
520 ## - SUMMARY, ETC.
Summary, etc. Sara Crewe, a pupil at Miss Minchin's London school, is left in poverty when her father dies but is later rescued by a mysterious benefactor.
650 #1 - SUBJECT ADDED ENTRY--TOPICAL TERM
Topical term or geographic name entry element Boarding schools
Form subdivision Fiction.
9 (RLIN) 11811
650 #1 - SUBJECT ADDED ENTRY--TOPICAL TERM
Topical term or geographic name entry element Schools
Form subdivision Fiction.
9 (RLIN) 6715
650 #1 - SUBJECT ADDED ENTRY--TOPICAL TERM
Topical term or geographic name entry element Orphans
Form subdivision Fiction.
9 (RLIN) 7117
651 #1 - SUBJECT ADDED ENTRY--GEOGRAPHIC NAME
Geographic name London (England)
General subdivision History
Chronological subdivision 1800-1950
Form subdivision Fiction.
9 (RLIN) 11812
651 #1 - SUBJECT ADDED ENTRY--GEOGRAPHIC NAME
Geographic name Great Britain
General subdivision History
Chronological subdivision Victoria, 1837-1901
Form subdivision Fiction.
9 (RLIN) 11813
856 41 - ELECTRONIC LOCATION AND ACCESS
Materials specified Table of contents only
Uniform Resource Identifier <a href="http://www.loc.gov/catdir/toc/ecip0812/2008009150.html">http://www.loc.gov/catdir/toc/ecip0812/2008009150.html</a>
906 ## - LOCAL DATA ELEMENT F, LDF (RLIN)
a 7
b cbc
c orignew
d 1
e ecip
f 20
g y-gencatlg
942 ## - ADDED ENTRY ELEMENTS (KOHA)
Source of classification or shelving scheme
Koha item type Book
Holdings
Withdrawn status Lost status Source of classification or shelving scheme Damaged status Not for loan Collection code Permanent Location Current Location Shelving location Date acquired Total Checkouts Total Renewals Full call number Barcode Date last seen Date last checked out Copy number Price effective from Koha item type
            Central Library (CL) Central Library (CL) Fiction 01/18/2017 2 6 823 BUR CL876 10/30/2024 07/17/2022 1 01/18/2017 Book
© 2023 Central Library, National University of Sciences and Technology. All Rights Reserved.